|
|
|
|
| LEADER |
00000cam a2200000 7i4500 |
| 001 |
0000002538 |
| 005 |
20030724.0 |
| 090 |
0 |
0 |
|a 303.4959522
|b SEM 1991
|
| 110 |
1 |
0 |
|a SEMINAR Malaysia Tahun 2020
|k 1991
|j Kuching
|
| 245 |
1 |
0 |
|a Seminar Malaysia Tahun 2020 .
|l Malaysia Year 2020 Seminar anjuran bersama .
|l co-organised by Angkatan Zaman Mansang (AZAM) Sarawak dan .
|l and Institut Kajjian Dasar (IKD), Kuching 22-24 Ogos 1991
|
| 260 |
0 |
0 |
|a Kuching, Sarawak :
|b Angkatan Zaman Mansang ,
|c 1991
|
| 300 |
|
|
|a v, 293 p. :
|b ill., maps ;
|c 26 cm.
|
| 640 |
0 |
0 |
|a Wawasan 2020
|x Congresses
|
| 650 |
0 |
0 |
|a Economic forecasting
|z Sarawak
|x Congresses
|
| 650 |
0 |
0 |
|a Social prediction
|z Sarawak
|x Congresses
|
| 651 |
0 |
0 |
|a Sarawak
|x Economic conditions
|y 1981-
|x Congresses
|
| 651 |
0 |
0 |
|a Sarawak
|x Economic policy
|x Forecasting
|x Congresses
|
| 651 |
0 |
0 |
|a Sarawak
|x Politics and government
|y 1981- xCongresses
|
| 710 |
1 |
1 |
|a Angkatan Zaman Mansang (AZAM) Sarawak
|
| 710 |
1 |
1 |
|a Institut Kajian Dasar
|
| 745 |
0 |
0 |
|a Malaysia Year 2020 Seminar
|
| 998 |
|
|
|a JPSM
|
| 999 |
|
|
|a 0000004270
|b Monograph
|c Open Shelf
|e Default branch
|